| 000 | 01099nam a2200277 i 4500 | ||
|---|---|---|---|
| 001 | bg | ||
| 245 | 0 | 0 |
_aMarketing międzynarodowy : _buwarunkowania, instrumenty, tendencje / _cpod red. nauk. Elżbiety Duliniec. |
| 250 | _aWyd. 1, dodr. | ||
| 260 |
_aWarszawa : _bSzkoła Główna Handlowa. Oficyna Wydawnicza, _c2007. |
||
| 300 |
_a352 s. : _bil. ; _c24 cm. |
||
| 504 | _aBibliogr. s. 339-352. | ||
| 521 | 8 | _aDla studentów studiów stacjonarnych i niestacjonarnych w uczelniach ekonomicznych oraz szkołach biznesu, a także dla słuchaczy studiów podyplomowych oraz praktyków działających na rynku międzynarodowym. | |
| 650 | 9 | _aMarketing międzynarodowy | |
| 655 | _aPodręczniki akademickie | ||
| 700 | 1 |
_aDuliniec, Elżbieta _d(1948- ). _eRed. |
|
| 015 | _aPB 25919/2007 | ||
| 020 | _a9788373782761 | ||
| 040 | _cBPK | ||
| 041 | 0 | _apol | |
| 044 | _aPOL | ||
| 080 | _a339.138:339.9](075.8) | ||
| 920 | _a978-83-7378-276-1 | ||
| 942 | _cKS | ||
| 008 | 071022s2007 pl a f |000 0 pol | ||
| 999 |
_c54411 _d54411 |
||
| 856 |
_uhttp://koha.tu.koszalin.pl/cgi-bin/koha/opac-detail.pl?biblionumber=54411 _yKatalog online BPK |
||